| 000 | 00334nam a2200121Ia 4500 | ||
|---|---|---|---|
| 008 | 210430s9999 xx 000 0 und d | ||
| 082 | _a660.2804 C937C | ||
| 100 |
_aCrowl , Daniel A. _954874 |
||
| 245 |
_aChemical Process Safety: _cCrowl , Daniel A. |
||
| 260 |
_bPearson Education Inc. _c2013 |
||
| 300 | _a705p. | ||
| 942 |
_cREF _2ddc |
||
| 999 |
_c565765 _d565765 |
||